| 000 | 00889nam a2200229 i 4500 | ||
|---|---|---|---|
| 001 | 153300 | ||
| 003 | ES-MaACL | ||
| 005 | 20250704063119.0 | ||
| 008 | 040916s1872 fr |||| | fre d | ||
| 040 |
_aCAM _bspa _cCAM |
||
| 100 | 1 |
_aCourdaveax, Victor. _eaut _9126623 |
|
| 245 | 1 | 0 |
_aEschyle, Xénophon et Virgile : _bétudes philosophiques et littéraires / _cpar V. Courdaveaux. |
| 260 |
_aParis : _bDidier & c\pie\s : _bPédone-Lauriel, _c1872 ( _eDouai : _fImp. Ceret-Carpentier) |
||
| 300 |
_aX, 368 p. ; _c22 cm. |
||
| 600 | 0 | 4 |
_aEsquilo. _947970 |
| 600 | 0 | 4 |
_aJenofonte. _966312 |
| 600 | 1 | 4 |
_aVirgilio Marón, Publio. _9115452 |
| 852 |
_aES-MaACL _cSVI _gFirma autógrafa de Antonio Aura Boronat, Madrid junio 1874 _hDonativo de Antonio Aura Boronat _jD-5015(2) _xHolandesa |
||
| 942 |
_2udc _cMONANT _n0 |
||
| 999 |
_c153300 _d153300 |
||